[Event "CRO-ch U15"]
[Site "Trogir"]
[Date "2018.06.19"]
[Round "6"]
[White "Kruslin, Karlo"]
[Black "Drempetic, Mario"]
[Result "1/2-1/2"]
[WhiteElo "1512"]
[BlackElo "1762"]
[PlyCount "60"]
[EventDate "2018.06.16"]
[EventType "swiss"]
[EventRounds "9"]
[EventCountry "CRO"]
[SourceTitle "EXT 2019"]
[Source "ChessBase"]
[SourceDate "2018.10.10"]
[SourceVersion "1"]
[SourceVersionDate "2018.10.10"]
[SourceQuality "1"]

1. d4 d5 2. c4 e6 3. Nc3 Nf6 4. cxd5 exd5 5. Bg5 Be7 6. e3 c6 7. Bd3 Nbd7 8. Nge2 h6 9. Bh4 0-0 10. 0-0 Re8 11. Rc1 Nf8 12. Qc2 Ne4 13. Bxe7 Qxe7 14. Nxe4 dxe4 15. Bc4 Kh8 16. Ng3 f5 17. d5 cxd5 18. Bxd5 Be6 19. Bxe6 Qxe6 20. Qc4 g6 21. Qd4+ Kg8 22. Qc4 Rac8 23. Qxe6+ Nxe6 24. Ne2 Nc5 25. Nf4 g5 26. Nh5 Kf7 27. Ng3 Kg6 28. Rc2 Nd3 29. Rd2 Rc6 30. f3 Ne5 1/2-1/2